000
00296nam a22001217a 4500
020
_a
9789380235479
082
_a
635
_b
PET/TH
245
_a
The Science of Horticulture - Vol.1
260
_a
New Delhi
_b
New India Publishing Agency
_c
2011
300
_a
406
700
_a
Peter,K.V
_9
305
942
_c
BK
999
_c
14299
_d
14299